| 000 | 00703nam 22002293 4500 | ||
|---|---|---|---|
| 001 | 202832 | ||
| 010 | _a978-972-20-8424-6 | ||
| 021 |
_aPT _b543738/25 |
||
| 090 | _a202832 | ||
| 100 | _a20260701d u||y0pory50 ba | ||
| 200 |
_aLilo e Stitch! _eSurfar as ondas _f[Disney], escrito por Alli Brydon _gilustrado por Disney Storybook Art Team |
||
| 205 | _a1ª | ||
| 210 |
_aAlfragide _cPublicações Dom Quixote _d2025 |
||
| 215 |
_a[28] p. _cil. ; encadernado _d24 cm |
||
| 225 |
_aLilo e Stitch _h3 |
||
| 606 |
_947 _aLiteratura Infantil Americana |
||
| 675 |
_a821.111(73)-93 _vPT _zpor |
||
| 700 |
_9233 _a[Disney] |
||
| 701 |
_917682 _aBrydon _bAlli |
||
| 801 |
_aPT _bBMMN _gRPC |
||
| 830 | _cIsabel | ||
| 990 | _cLIVROS | ||